000 00839nam a22002417a 4500
999 _c15173
_d15173
003 MIRAKIL
005 20230222171002.0
008 230222b tu ||||| |||| 00| 0 tur d
020 _a975882516
040 _aTR-AnCHP
_btur
_cTR-AnCHP
041 _atur
082 _a956.1024
_bM86m 2006.
100 _aKurumahmut, Ali
245 _aMontrö sözleşmesi:
_bTürk boğazları ve karadeniz/
_cAli Kurumahmut.
246 _aTürk boğazları ve karadeniz
260 _aİstanbul:
_bTürk Deniz Araştırmaları Vakfı,
_c2006.
300 _a163 s.:
_btbl.; hrt.;
_c24 sm.
490 0 _aTürk Deniz Araştırmaları Vakfı;
_vyayın no: 26.
504 _aKaynakça vardır.
650 0 _95
_aTürkiye
_xTarih
_xMontrö Boğazlar Sözleşmesi
_y1936
650 0 _94
_aTürkiye
_xUluslararası ilişkiler
_xBoğazlar sorunu
942 _2ddc
_cBKS